[Event "24th Klatovy B 2016"]
[Site "Klatovy CZE"]
[Date "2016.07.06"]
[Round "5.8"]
[White "Bartos, Karel"]
[Black "Kovarova, Oxana"]
[Result "0-1"]
[WhiteElo "1784"]
[BlackElo "1759"]
[PlyCount "84"]
[EventDate "2016.07.02"]
[EventType "swiss"]
[EventRounds "9"]
[EventCountry "CZE"]

1. d4 f5 2. Nf3 Nf6 3. g3 e6 4. Bg2 Nc6 5. O-O Be7 6. c4 d6 7. Nc3 Nb8 8. Qc2 O-O 9. Bd2 Nbd7 10. Ng5 Nb6 11. b3 e5 12. dxe5 dxe5 13. Rad1 c6 14. Bc1 Qe8 15. e4 f4 16. Qe2 Qg6 17. Nf3 Qh5 18. gxf4 exf4 19. Bxf4 Bg4 20. Rd3 Nfd7 21. Bg3 Rae8 22. h3 Bxh3 23. Nd2 Bg4 24. Bf3 Bxf3 25. Nxf3 Rf6 26. Nh4 Qg5 27. Rf3 Bd6 28. Rxf6 Nxf6 29. Nf5 Bb4 30. Qd3 Bxc3 31. Qxc3 Nxe4 32. Qf3 Nd2 33. Qd3 Nxf1 34. Kxf1 Rd8 35. Qe4 Qh5 36. Kg2 Re8 37. Qd3 Qg4 38. Ne7+ Rxe7 39. Qd8+ Kf7 40. Qd2 Nd7 41. f3 Qg6 42. Qf4+ Nf6 0-1

[Event "24th Klatovy B 2016"]
[Site "Klatovy CZE"]
[Date "2016.07.06"]
[Round "5.9"]
[White "Kasik, Miroslav"]
[Black "Vavrinkova, Eliska"]
[Result "1/2-1/2"]
[WhiteElo "1768"]
[BlackElo "1626"]
[PlyCount "23"]
[EventDate "2016.07.02"]
[EventType "swiss"]
[EventRounds "9"]
[EventCountry "CZE"]

1. e4 d5 2. exd5 Qxd5 3. Nc3 Qd6 4. d4 Nf6 5. Be2 a6 6. Be3 Nc6 7. h3 Bf5 8. a3 O-O-O 9. Nf3 e5 10. dxe5 Nxe5 11. Qxd6 Bxd6 12. O-O-O 1/2-1/2

[Event "24th Klatovy B 2016"]
[Site "Klatovy CZE"]
[Date "2016.07.06"]
[Round "5.10"]
[White "Vachal, Josef1"]
[Black "Stankova, Zuzana 1986"]
[Result "1/2-1/2"]
[WhiteElo "1957"]
[BlackElo "1673"]
[PlyCount "60"]
[EventDate "2016.07.02"]
[EventType "swiss"]
[EventRounds "9"]
[EventCountry "CZE"]

1. e4 d5 2. exd5 Qxd5 3. Nf3 Nf6 4. Be2 Bf5 5. d4 e6 6. O-O Be7 7. c4 Qd7 8. Qb3 c6 9. Bf4 O-O 10. Rd1 Na6 11. Nc3 Rfd8 12. Rd2 Qc8 13. a3 Nh5 14. Be3 Bd6 15. g3 Nf6 16. Bg5 Be7 17. Ne5 Qc7 18. Bf3 Ne8 19. Bf4 Bd6 20. Re1 f6 21. Nd3 Bxd3 22. Bxd6 Rxd6 23. Rxd3 Rad8 24. Qd1 Qf7 25. Ree3 Qd7 26. Ne2 Nec7 27. b4 c5 28. bxc5 Nxc5 29. Rd2 e5 30. d5 b5 1/2-1/2

[Event "24th Klatovy B 2016"]
[Site "Klatovy CZE"]
[Date "2016.07.06"]
[Round "5.11"]
[White "Svec, Ludek"]
[Black "Mejzr, Jan"]
[Result "0-1"]
[WhiteElo "1654"]
[BlackElo "1853"]
[PlyCount "64"]
[EventDate "2016.07.02"]
[EventType "swiss"]
[EventRounds "9"]
[EventCountry "CZE"]

1. d4 Nf6 2. Nf3 c5 3. d5 d6 4. c4 g6 5. Nc3 Bg7 6. e4 O-O 7. Bd3 Nbd7 8. h3 Ne8 9. O-O Ne5 10. Nxe5 dxe5 11. Bd2 Nd6 12. Qe2 Qe8 13. Be3 b6 14. Rab1 f5 15. f3 f4 16. Bf2 g5 17. Nd1 Qh5 18. Be1 a5 19. a4 Bd7 20. b3 Qg6 21. Kh2 h5 22. Rg1 Qf6 23. Rb2 g4 24. Qc2 g3+ 25. Kh1 Qh4 26. Bf1 Nf7 27. Qd2 Bf6 28. Qc1 Kh8 29. Qa1 Rg8 30. Rc2 Rg7 31. Qb2 Rag8 32. Bc3 Ng5 0-1

[Event "24th Klatovy B 2016"]
[Site "Klatovy CZE"]
[Date "2016.07.06"]
[Round "5.12"]
[White "Cizek, Ondrej"]
[Black "Pravda, Krystof"]
[Result "1-0"]
[WhiteElo "1826"]
[BlackElo "1669"]
[PlyCount "51"]
[EventDate "2016.07.02"]
[EventType "swiss"]
[EventRounds "9"]
[EventCountry "CZE"]

1. e4 e5 2. Nf3 Nc6 3. Bc4 Nf6 4. d3 Be7 5. c3 O-O 6. O-O d5 7. exd5 Nxd5 8. h3 Kh8 9. Re1 Nb6 10. Bb5 f6 11. Be3 Nd5 12. Nbd2 Nxe3 13. Rxe3 Bc5 14. Re1 a6 15. Bxc6 bxc6 16. Ne4 Bb6 17. d4 f5 18. Ng3 e4 19. Ne5 Qf6 20. Qa4 c5 21. Rad1 cxd4 22. cxd4 c5 23. Nc4 Ba7 24. d5 Qg6 25. Ne5 Qg5 26. Nf7+ 1-0

[Event "24th Klatovy B 2016"]
[Site "Klatovy CZE"]
[Date "2016.07.06"]
[Round "5.13"]
[White "Rezac, Jindrich"]
[Black "Ostry, Michal"]
[Result "1/2-1/2"]
[WhiteElo "1799"]
[BlackElo "1644"]
[PlyCount "42"]
[EventDate "2016.07.02"]
[EventType "swiss"]
[EventRounds "9"]
[EventCountry "CZE"]

1. d4 d5 2. c4 dxc4 3. e4 e5 4. d5 Nf6 5. Qa4+ c6 6. dxc6 Nxc6 7. Bxc4 Qa5+ 8. Qxa5 Nxa5 9. Bb5+ Bd7 10. Bxd7+ Nxd7 11. Nc3 Bb4 12. Bd2 Nc4 13. a3 Nxd2 14. Kxd2 Bc5 15. f3 Nb6 16. b3 O-O-O+ 17. Kc2 Rd7 18. Nge2 Rhd8 19. Rhd1 Be3 20. Rxd7 Rxd7 21. Rd1 Rxd1 1/2-1/2

[Event "24th Klatovy B 2016"]
[Site "Klatovy CZE"]
[Date "2016.07.06"]
[Round "5.14"]
[White "Ruzicka, Vaclav1"]
[Black "Vavrinek, Tomas"]
[Result "1-0"]
[WhiteElo "1649"]
[BlackElo "1773"]
[PlyCount "51"]
[EventDate "2016.07.02"]
[EventType "swiss"]
[EventRounds "9"]
[EventCountry "CZE"]

1. d4 Nf6 2. c4 d5 3. Nf3 c6 4. Qc2 Bg4 5. Ne5 Bh5 6. cxd5 Qxd5 7. e3 e6 8. Bd2 Nbd7 9. Nc3 Qd6 10. f4 Be7 11. Bd3 Nd5 12. Ne4 Qc7 13. O-O Nxe5 14. fxe5 O-O-O 15. a3 f5 16. Nc5 Bf7 17. b4 Bxc5 18. bxc5 Rd7 19. Qa4 Qb8 20. Rab1 Kd8 21. Qxc6 Ke7 22. Qa4 Be8 23. Bb5 Rc7 24. Bxe8 Rxe8 25. e4 b5 26. Rxb5 1-0

[Event "24th Klatovy B 2016"]
[Site "Klatovy CZE"]
[Date "2016.07.06"]
[Round "5.15"]
[White "Bauer, Jan 2005"]
[Black "Vavrousek, Petr"]
[Result "0-1"]
[WhiteElo "1296"]
[BlackElo "1763"]
[PlyCount "90"]
[EventDate "2016.07.02"]
[EventType "swiss"]
[EventRounds "9"]
[EventCountry "CZE"]

1. e4 c5 2. Nf3 Nc6 3. Nc3 g6 4. d4 cxd4 5. Nxd4 Bg7 6. Be3 Nf6 7. f3 O-O 8. Qd2 d5 9. O-O-O dxe4 10. fxe4 Ng4 11. Nxc6 Qxd2+ 12. Rxd2 bxc6 13. Nd1 Nxe3 14. Nxe3 Bh6 15. Rd3 Be6 16. Be2 Bc4 17. Re1 Bxd3 18. Bxd3 Rab8 19. Kb1 Bg7 20. Nc4 Rfd8 21. e5 Rd4 22. Na5 Rb6 23. Be4 c5 24. Nb3 Rd8 25. Nxc5 Bxe5 26. Nd3 Bxh2 27. Bf3 Bd6 28. c3 Kf8 29. Rh1 h5 30. g4 hxg4 31. Rh8+ Kg7 32. Rxd8 gxf3 33. Nf2 Rb5 34. Kc2 Re5 35. Kd3 Bc5 36. Ng4 f2 37. Nh2 Re1 38. Kc2 f1=Q 39. Nxf1 Rxf1 40. b4 Bd6 41. Ra8 Rf2+ 42. Kb3 g5 43. Rxa7 g4 44. b5 g3 45. b6 Bc5 0-1

[Event "24th Klatovy B 2016"]
[Site "Klatovy CZE"]
[Date "2016.07.06"]
[Round "5.16"]
[White "Flajsman, Petr"]
[Black "Cipera, Josef"]
[Result "1/2-1/2"]
[WhiteElo "1529"]
[BlackElo "1756"]
[PlyCount "176"]
[EventDate "2016.07.02"]
[EventType "swiss"]
[EventRounds "9"]
[EventCountry "CZE"]

1. e4 d6 2. d4 g6 3. Nf3 Bg7 4. c3 Nf6 5. Bd3 O-O 6. O-O Nbd7 7. Nbd2 e5 8. Re1 Re8 9. h3 Nh5 10. Nf1 Nf8 11. N1h2 Nf4 12. Bxf4 exf4 13. Qc2 Bd7 14. Rad1 Qc8 15. Bc4 Be6 16. Bxe6 fxe6 17. Ng4 h5 18. Ngh2 Qd8 19. a4 a5 20. Qc1 Bh6 21. e5 d5 22. Qc2 g5 23. Kh1 Re7 24. Qe2 Qe8 25. Ng1 Rg7 26. Ra1 Qg6 27. f3 Qf5 28. Rac1 Qf7 29. Qb5 c6 30. Qe2 Qe8 31. Qc2 Rc7 32. Ne2 b5 33. axb5 cxb5 34. Nf1 g4 35. Ng1 Rac8 36. hxg4 hxg4 37. fxg4 f3 38. Nxf3 Bxc1 39. Qxc1 Qg6 40. Qg5 Qxg5 41. Nxg5 Rg7 42. Nh3 Rxg4 43. Ne3 Rh4 44. Kh2 b4 45. g3 Rh7 46. cxb4 axb4 47. Kg2 Ra7 48. Nf4 Ra2 49. Rb1 Ra4 50. Nh5 b3 51. Nf6+ Kg7 52. Rd1 Ra2 53. Rd2 Rc1 54. Nh5+ Kf7 55. Nf4 Raa1 56. Ne2 Rc8 57. Nc3 Nd7 58. Ned1 Rc1 59. Ne3 Rh8 60. Ne2 Rc6 61. Rd3 Rb8 62. Rd2 Rb4 63. Nc3 Nb6 64. Kf3 Na4 65. Ne2 Rb8 66. Kf2 Nb6 67. Nc3 Nc4 68. Nxc4 Rxc4 69. Ke3 Rg8 70. Kf3 Kg7 71. Rd3 Kg6 72. Ne2 Rb4 73. Nc1 Rgb8 74. Kg4 Kf7 75. Kf3 Rc8 76. Nxb3 Rcb8 77. Nc1 Rxb2 78. Ne2 R2b3 79. Rxb3 Rxb3+ 80. Kf4 Rd3 81. g4 Kg6 82. g5 Kg7 83. Kg4 Re3 84. Nf4 Re4 85. Kf3 Re1 86. Nxe6+ Kg6 87. Nf4+ Kxg5 88. Nxd5 Rxe5 1/2-1/2

[Event "24th Klatovy B 2016"]
[Site "Klatovy CZE"]
[Date "2016.07.06"]
[Round "5.17"]
[White "Sova, Zdenek"]
[Black "Kubat, Zbynek"]
[Result "1/2-1/2"]
[WhiteElo "1747"]
[BlackElo "1629"]
[PlyCount "137"]
[EventDate "2016.07.02"]
[EventType "swiss"]
[EventRounds "9"]
[EventCountry "CZE"]

1. Nf3 Nf6 2. d4 d5 3. c4 e6 4. Nc3 Be7 5. Bg5 Nc6 6. e3 h6 7. Bh4 a6 8. h3 Bd7 9. Rc1 dxc4 10. Bxc4 b5 11. Be2 Rc8 12. O-O O-O 13. a3 Nd5 14. Bg3 Bd6 15. Bh4 Be7 16. Bg3 Bd6 17. Ne4 Bxg3 18. Nxg3 Nce7 19. Ne5 f6 20. Nxd7 Qxd7 21. Ne4 f5 22. Nc5 Qd6 23. Qb3 Rb8 24. Rfd1 Nc6 25. Qc2 Na5 26. b4 Nb7 27. Nd3 Rbc8 28. Qb2 Rf6 29. Ne5 Nd8 30. Rc5 Ne7 31. Bf3 Qb6 32. Nd7 Qd6 33. Nxf6+ gxf6 34. Rdc1 Kg7 35. R1c2 Kg6 36. Qc1 c6 37. Qd1 Nb7 38. R5c3 a5 39. Rb2 axb4 40. axb4 Nd5 41. Bxd5 Qxd5 42. Qe1 Rg8 43. Ra3 Kh7 44. g3 Nd6 45. Ra7+ Kg6 46. Rd7 h5 47. h4 e5 48. dxe5 Qxe5 49. Rd2 Ne4 50. Rd8 Nxd2 51. Rxg8+ Kf7 52. Qxd2 Kxg8 53. Qd8+ Kf7 54. Qd7+ Qe7 55. Qxf5 Qxb4 56. Qd7+ Kg6 57. Qxc6 Qb1+ 58. Kg2 b4 59. Qe8+ Kh6 60. e4 b3 61. g4 Qd1 62. Qxh5+ Kg7 63. Qf5 b2 64. e5 Qd5+ 65. Kh3 Qxe5 66. Qd7+ Kf8 67. Qd8+ Kf7 68. Qd7+ Kf8 69. Qd8+ 1/2-1/2

[Event "24th Klatovy B 2016"]
[Site "Klatovy CZE"]
[Date "2016.07.06"]
[Round "5.19"]
[White "Zak, Jiri1"]
[Black "Vartazaryan, Gor"]
[Result "1/2-1/2"]
[WhiteElo "1717"]
[BlackElo "1620"]
[PlyCount "78"]
[EventDate "2016.07.02"]
[EventType "swiss"]
[EventRounds "9"]
[EventCountry "CZE"]

1. d4 Nf6 2. c4 g6 3. Nc3 d5 4. Nf3 Bg7 5. e3 O-O 6. Bd3 dxc4 7. Bxc4 c5 8. d5 Bf5 9. O-O Ne4 10. Qb3 Nd6 11. Be2 Nd7 12. Nh4 Nb6 13. Nxf5 Nxf5 14. Rd1 Qc7 15. Nb5 Qd7 16. Nxa7 Qa4 17. Qxb6 Qxa7 18. Qb3 Rfd8 19. a4 Nd6 20. Bd2 Ne4 21. Be1 Rd6 22. f3 Nf6 23. Bf2 Rb6 24. Bb5 Ne8 25. e4 Bd4 26. Bxd4 cxd4 27. Qd3 Nd6 28. e5 Nxb5 29. axb5 Qxa1 30. Rxa1 Rxa1+ 31. Kf2 Ra5 32. Qxd4 Rbxb5 33. d6 Rd5 34. Qb6 exd6 35. exd6 Rab5 36. Qc7 Rxb2+ 37. Ke3 Rbd2 38. Qc8+ Kg7 39. Qc3+ Kg8 1/2-1/2

[Event "24th Klatovy B 2016"]
[Site "Klatovy CZE"]
[Date "2016.07.06"]
[Round "5.20"]
[White "Rychtecky, Pavel"]
[Black "Stanik, Michal"]
[Result "1-0"]
[WhiteElo "1546"]
[BlackElo "1713"]
[PlyCount "77"]
[EventDate "2016.07.02"]
[EventType "swiss"]
[EventRounds "9"]
[EventCountry "CZE"]

1. e4 e6 2. d4 d5 3. Nc3 Nf6 4. Bg5 Be7 5. e5 Nfd7 6. Bxe7 Qxe7 7. f4 c5 8. Nf3 Nc6 9. Be2 O-O 10. O-O cxd4 11. Nb5 f6 12. exf6 Nxf6 13. Nbxd4 Bd7 14. c3 Ne4 15. g3 Rf6 16. Bd3 Nd6 17. Qe2 Rc8 18. Rae1 Re8 19. Qc2 g6 20. b3 Rc8 21. Nxc6 bxc6 22. Ne5 Nf7 23. Ng4 c5 24. c4 d4 25. Nxf6+ Qxf6 26. Rf2 Nh6 27. h3 Kh8 28. Qe2 Nf7 29. Qf3 Nd6 30. Qg4 Nf5 31. Bxf5 exf5 32. Qg5 Qxg5 33. fxg5 Rc7 34. Re7 Kg8 35. Rfe2 a5 36. Kf2 Rb7 37. R2e5 d3 38. Rd5 Bc6 39. Rd8+ 1-0

[Event "24th Klatovy B 2016"]
[Site "Klatovy CZE"]
[Date "2016.07.06"]
[Round "5.21"]
[White "Kubat, Martin"]
[Black "Flajsman, Pavel"]
[Result "1/2-1/2"]
[WhiteElo "1709"]
[BlackElo "1522"]
[PlyCount "62"]
[EventDate "2016.07.02"]
[EventType "swiss"]
[EventRounds "9"]
[EventCountry "CZE"]

1. e4 c6 2. d4 d5 3. exd5 cxd5 4. Bd3 Nf6 5. Nf3 Nc6 6. c3 Qc7 7. O-O g6 8. Bg5 Bg7 9. Nbd2 Bg4 10. h3 Bxf3 11. Qxf3 Qd7 12. Nb3 b6 13. Rfe1 O-O 14. Bb5 Rfc8 15. a4 Ne4 16. Bh4 e6 17. Bd3 Nd6 18. Bf6 Qc7 19. Bxg7 Kxg7 20. h4 h5 21. Nd2 Ne7 22. Qh3 Ne8 23. Nf3 Nf6 24. Ng5 Qd6 25. Re2 Nh7 26. Qf3 Nxg5 27. hxg5 Ng8 28. Rae1 Re8 29. g4 hxg4 30. Qxg4 Ne7 31. f4 Rh8 1/2-1/2

[Event "24th Klatovy B 2016"]
[Site "Klatovy CZE"]
[Date "2016.07.06"]
[Round "5.22"]
[White "Soukup, Jiri1"]
[Black "Simacek, Vaclav"]
[Result "0-1"]
[WhiteElo "1591"]
[BlackElo "1876"]
[PlyCount "43"]
[EventDate "2016.07.02"]
[EventType "swiss"]
[EventRounds "9"]
[EventCountry "CZE"]

1. e4 e5 2. Nc3 Nc6 3. Bc4 Nf6 4. f4 exf4 5. Nf3 Bc5 6. e5 d5 7. Bb3 Ne4 8. d4 Nxd4 9. Bxd5 Nxc3 10. bxc3 Ne6 11. Qd3 c6 12. Bc4 b5 13. Bb3 Qb6 14. Ke2 Ba6 15. Bxe6 fxe6 16. Bxf4 b4 17. c4 Rd8 18. Qb3 O-O 19. Bg3 Bd4 20. Rad1 Qc5 21. Qa4 Bxc4+ 22. Ke1 0-1

[Event "24th Klatovy B 2016"]
[Site "Klatovy CZE"]
[Date "2016.07.06"]
[Round "5.23"]
[White "Novy, Jan"]
[Black "Micka, Norbert"]
[Result "0-1"]
[WhiteElo "1606"]
[BlackElo "1848"]
[PlyCount "62"]
[EventDate "2016.07.02"]
[EventType "swiss"]
[EventRounds "9"]
[EventCountry "CZE"]

1. e4 e6 2. d4 d5 3. e5 c5 4. c3 Qb6 5. Nf3 Nc6 6. a3 Nh6 7. Bd3 cxd4 8. cxd4 Bd7 9. Bc2 Rc8 10. Nc3 Be7 11. O-O a5 12. Na4 Qc7 13. Be3 Nxe5 14. Bb3 Nxf3+ 15. Qxf3 Nf5 16. Rac1 Qd8 17. g4 Nh4 18. Qf4 Bc6 19. g5 Nf5 20. h4 h6 21. Rxc6 bxc6 22. g6 fxg6 23. Nc5 Bxc5 24. dxc5 Kf7 25. Bc2 Qxh4 26. Qf3 Qf6 27. Bc1 Nd4 28. Qxf6+ gxf6 29. Ba4 Ne2+ 30. Kg2 Nxc1 31. Rxc1 Rc7 0-1

[Event "24th Klatovy B 2016"]
[Site "Klatovy CZE"]
[Date "2016.07.06"]
[Round "5.24"]
[White "Parpel, Petr"]
[Black "Krisman, Ondrej"]
[Result "1-0"]
[WhiteElo "1787"]
[BlackElo "1608"]
[PlyCount "71"]
[EventDate "2016.07.02"]
[EventType "swiss"]
[EventRounds "9"]
[EventCountry "CZE"]

1. d4 d5 2. c4 e6 3. Nc3 Be7 4. e3 Nf6 5. Nf3 Nc6 6. a3 O-O 7. Qc2 dxc4 8. Bxc4 Nd5 9. Bd3 g6 10. Bd2 Bf6 11. O-O Nxc3 12. Bxc3 Re8 13. Rac1 Qe7 14. Bb5 Bd7 15. Bxc6 Bxc6 16. e4 a5 17. Rfe1 Bb5 18. e5 Bg7 19. Bd2 Bc6 20. Bg5 Qd7 21. Rcd1 Ra6 22. Qc3 Ba4 23. b3 Rc6 24. Qe3 Bb5 25. Nd2 h5 26. Ne4 Kh7 27. Nf6+ Bxf6 28. Bxf6 a4 29. Qg5 axb3 30. Re4 b2 31. Rh4 Be2 32. g4 Bxg4 33. Rxg4 Rc1 34. Rxc1 bxc1=Q+ 35. Qxc1 hxg4 36. Qg5 1-0

[Event "24th Klatovy B 2016"]
[Site "Klatovy CZE"]
[Date "2016.07.06"]
[Round "5.25"]
[White "Novotny, David"]
[Black "Sedlak, Jakub"]
[Result "1-0"]
[WhiteElo "1758"]
[BlackElo "1457"]
[PlyCount "61"]
[EventDate "2016.07.02"]
[EventType "swiss"]
[EventRounds "9"]
[EventCountry "CZE"]

1. d4 Nf6 2. c4 g6 3. g3 Bg7 4. Bg2 O-O 5. Nc3 d6 6. Nf3 Nbd7 7. O-O c5 8. b3 Rb8 9. Bb2 b6 10. Qc2 Bb7 11. dxc5 bxc5 12. e4 Nxe4 13. Nxe4 Bxb2 14. Qxb2 Bxe4 15. Rfe1 Bxf3 16. Bxf3 Ne5 17. Be2 Qb6 18. Rad1 Rfe8 19. Qc3 Nc6 20. Bg4 Qc7 21. Re3 Nd4 22. Rde1 Rb7 23. Bf3 Nxf3+ 24. Rxf3 Qd8 25. Rxf7 Kxf7 26. Qf3+ Kg8 27. Qxb7 a5 28. Re6 Kg7 29. h4 Kh8 30. h5 gxh5 31. Qe4 1-0

[Event "24th Klatovy B 2016"]
[Site "Klatovy CZE"]
[Date "2016.07.06"]
[Round "5.26"]
[White "Jedlicka, Pavel"]
[Black "Sroub, Jaroslav"]
[Result "0-1"]
[WhiteElo "1548"]
[BlackElo "1730"]
[PlyCount "96"]
[EventDate "2016.07.02"]
[EventType "swiss"]
[EventRounds "9"]
[EventCountry "CZE"]

1. f4 d5 2. e3 Nc6 3. Nf3 g6 4. d4 Bg7 5. Bb5 Bd7 6. O-O Nf6 7. Ne5 Nxe5 8. fxe5 Bxb5 9. Re1 Ne4 10. Nd2 Nxd2 11. Bxd2 O-O 12. h4 e6 13. Bb4 Re8 14. a4 Ba6 15. Qg4 b6 16. h5 c5 17. Ba3 Qc7 18. Rac1 Rac8 19. c3 Qd7 20. Kf2 Rc7 21. Rcd1 Qxa4 22. Rd2 Bxe5 23. hxg6 fxg6 24. Rh1 Rf7+ 25. Ke1 Qc4 26. Rf2 Rxf2 27. Kxf2 Rf8+ 28. Ke1 Bg3+ 29. Kd1 Qd3+ 30. Kc1 Qxe3+ 31. Kb1 Qd3+ 32. Ka1 Bc8 33. Rd1 Rf1 34. Rxf1 Qxf1+ 35. Ka2 Bd6 36. Qh4 Qf8 37. dxc5 Bxc5 38. b4 Be7 39. Qh1 e5 40. g4 Be6 41. Bc1 d4+ 42. Ka1 Qc8 43. cxd4 Qa6+ 44. Kb2 Qa2+ 45. Kc3 exd4+ 46. Kd3 Qc4+ 47. Kd2 Bxb4+ 48. Kd1 Bxg4+ 0-1

[Event "24th Klatovy B 2016"]
[Site "Klatovy CZE"]
[Date "2016.07.06"]
[Round "5.27"]
[White "Repa, Vaclav"]
[Black "Stvan, Marek"]
[Result "1-0"]
[WhiteElo "1577"]
[BlackElo "1679"]
[PlyCount "75"]
[EventDate "2016.07.02"]
[EventType "swiss"]
[EventRounds "9"]
[EventCountry "CZE"]

1. c4 Nf6 2. Nc3 g6 3. e4 d6 4. d4 Bg7 5. f4 O-O 6. Be2 Nbd7 7. e5 dxe5 8. fxe5 Ne8 9. Nf3 c6 10. b4 Nb6 11. h3 Be6 12. c5 Nd5 13. Nxd5 Bxd5 14. Bb2 Nc7 15. a4 Ne6 16. Qd2 a6 17. O-O-O Bb3 18. a5 Bxd1 19. Bxd1 Nc7 20. g4 h6 21. h4 Kh7 22. Bc2 Ne6 23. h5 Qe8 24. hxg6+ fxg6 25. Nh4 Kg8 26. Bxg6 Qd8 27. Bf5 Ng5 28. Ng6 Rf7 29. e6 Rf6 30. d5 cxd5 31. Bxf6 Bxf6 32. Rxh6 Kg7 33. Rh8 Qc7 34. Rxa8 Qg3 35. Rh8 Qa3+ 36. Kd1 Qf3+ 37. Kc2 Nh7 38. Rxh7+ 1-0

[Event "24th Klatovy B 2016"]
[Site "Klatovy CZE"]
[Date "2016.07.06"]
[Round "5.28"]
[White "Palla, Ivan"]
[Black "Maly, Jiri"]
[Result "1/2-1/2"]
[WhiteElo "1536"]
[BlackElo "1657"]
[PlyCount "101"]
[EventDate "2016.07.02"]
[EventType "swiss"]
[EventRounds "9"]
[EventCountry "CZE"]

1. b3 Nf6 2. Bb2 d5 3. Nf3 c5 4. e3 e6 5. c4 Be7 6. Be2 O-O 7. O-O Nc6 8. cxd5 Nxd5 9. Nc3 a6 10. a3 b5 11. Qc2 Bb7 12. Ne4 Rc8 13. d3 Na5 14. Nfd2 f5 15. Ng3 Bg5 16. Nf3 Bf6 17. Rac1 b4 18. Nh5 Bxb2 19. Qxb2 Nc3 20. Rxc3 bxc3 21. Qxc3 Rf7 22. Ne5 Re7 23. f4 Qd6 24. Bf3 Bxf3 25. Rxf3 Nc6 26. Nc4 Qc7 27. Rg3 g6 28. Nf6+ Kf8 29. Nh5 Rf7 30. Rg5 gxh5 31. Rxh5 Rg7 32. Nb6 Re8 33. Qxc5+ Ree7 34. Nc4 Nd8 35. Qd4 Qd7 36. Qf6+ Ref7 37. Qc3 Qc6 38. Qb2 Rc7 39. h3 Qe8 40. Qf6+ Kg8 41. Ne5 Rc1+ 42. Kh2 Rc2 43. Rg5 Rxg5 44. Qxg5+ Kh8 45. Qf6+ Kg8 46. Qg5+ Kf8 47. Qh6+ Ke7 48. Qxh7+ Nf7 49. Qg7 Rc3 50. Ng6+ Kd6 51. Qxc3 1/2-1/2

[Event "24th Klatovy B 2016"]
[Site "Klatovy CZE"]
[Date "2016.07.06"]
[Round "5.29"]
[White "Ret, Adam Josef"]
[Black "Stross, Frantisek 1952"]
[Result "0-1"]
[WhiteElo "1427"]
[BlackElo "1652"]
[PlyCount "98"]
[EventDate "2016.07.02"]
[EventType "swiss"]
[EventRounds "9"]
[EventCountry "CZE"]

1. d4 d5 2. c4 e6 3. Nf3 Nf6 4. Nc3 Nc6 5. e3 Bb4 6. Bd3 O-O 7. a3 Bxc3+ 8. bxc3 Ne4 9. Qc2 f5 10. cxd5 exd5 11. c4 Be6 12. Bb2 Ne7 13. cxd5 Bxd5 14. Rc1 c6 15. O-O b5 16. a4 b4 17. Ne5 Rb8 18. f3 b3 19. Qe2 Nd6 20. e4 Be6 21. Nxc6 Nxc6 22. Rxc6 Rb6 23. Rxb6 Qxb6 24. Kh1 f4 25. Qe1 Nc4 26. Bxc4 Bxc4 27. Rg1 Rc8 28. g3 Qa6 29. gxf4 g6 30. f5 Be2 31. Rg3 Qd3 32. fxg6 Bxf3+ 33. Kg1 hxg6 34. Rxg6+ Kf7 35. Rg3 Rc2 36. Rg7+ Kxg7 37. Qg3+ Kf7 38. Qf4+ Ke8 39. Qe5+ Kd8 40. Qd6+ Kc8 41. Qe6+ Kb8 42. Qd6+ Kb7 43. Qd7+ Rc7 44. Qd5+ Kb6 45. Qd6+ Rc6 46. Qb4+ Ka6 47. Kf2 Qe2+ 48. Kg3 Rg6+ 49. Kf4 Qxe4# 0-1

[Event "24th Klatovy B 2016"]
[Site "Klatovy CZE"]
[Date "2016.07.06"]
[Round "5.30"]
[White "Pucholt, Martin"]
[Black "Kubat, Ladislav"]
[Result "1-0"]
[WhiteElo "1641"]
[BlackElo "1435"]
[PlyCount "83"]
[EventDate "2016.07.02"]
[EventType "swiss"]
[EventRounds "9"]
[EventCountry "CZE"]

1. e4 b6 2. d4 Bb7 3. Nc3 e6 4. Nf3 Bb4 5. Bd3 Nf6 6. Qe2 Be7 7. O-O c5 8. dxc5 Bxc5 9. h3 O-O 10. Bg5 Be7 11. e5 Ne8 12. Bd2 d6 13. Rfe1 dxe5 14. Nxe5 Nf6 15. Rad1 Qc8 16. Bg5 Bd8 17. Nf3 Nbd7 18. Nb5 Be7 19. c3 a6 20. Nbd4 h6 21. Bh4 Nd5 22. Bxe7 Nxe7 23. Nxe6 Bxf3 24. gxf3 Re8 25. Nf4 Qc7 26. Qd2 Nc5 27. Bc2 Rad8 28. Qc1 Rxd1 29. Rxd1 Qc6 30. Kg2 Qf6 31. Ne2 Nf5 32. Kf1 Nh4 33. f4 Ne4 34. f5 Nxf5 35. Rd3 Ng5 36. Qf4 Qe6 37. Bd1 Ne7 38. Bb3 Nd5 39. Qd2 Rd8 40. Nf4 Ne3+ 41. Qxe3 Rxd3 42. Qxe6 1-0

[Event "24th Klatovy B 2016"]
[Site "Klatovy CZE"]
[Date "2016.07.06"]
[Round "5.31"]
[White "Zimovcak, Zdenek"]
[Black "Rosenbaumova, Lea"]
[Result "1/2-1/2"]
[WhiteElo "1632"]
[BlackElo "1351"]
[PlyCount "59"]
[EventDate "2016.07.02"]
[EventType "swiss"]
[EventRounds "9"]
[EventCountry "CZE"]

1. e4 e6 2. d4 d5 3. e5 c5 4. c3 Nc6 5. Nf3 Qb6 6. a3 a5 7. Be2 Bd7 8. O-O Nh6 9. a4 Nf5 10. dxc5 Bxc5 11. Bb5 O-O 12. Na3 h6 13. Nc2 Qa7 14. Qe2 Rfd8 15. Rd1 Rac8 16. Kf1 Kf8 17. h3 Be8 18. Bf4 g5 19. Bc1 d4 20. g4 Nfe7 21. cxd4 Nxd4 22. Ncxd4 Bxd4 23. Bxe8 Kxe8 24. Nxd4 Rxd4 25. Be3 Rxd1+ 26. Rxd1 Qb8 27. Bd4 Rd8 28. Bc3 Rxd1+ 29. Qxd1 Nc6 30. Qe1 1/2-1/2

[Event "24th Klatovy B 2016"]
[Site "Klatovy CZE"]
[Date "2016.07.06"]
[Round "5.32"]
[White "Schille, Hannes"]
[Black "Svejdar, Pavel"]
[Result "1-0"]
[WhiteElo "1629"]
[BlackElo "1544"]
[PlyCount "91"]
[EventDate "2016.07.02"]
[EventType "swiss"]
[EventRounds "9"]
[EventCountry "CZE"]

1. d4 d5 2. c4 e6 3. Nf3 Nf6 4. Bg5 Be7 5. Nc3 Nbd7 6. e3 O-O 7. Bd3 dxc4 8. Bxc4 Nb6 9. Bd3 Nbd5 10. a3 h6 11. Bh4 Nd7 12. Bxe7 Qxe7 13. Rc1 c6 14. O-O N5f6 15. Qc2 Nd5 16. Ne4 a6 17. Nc5 N5f6 18. e4 Rd8 19. e5 Nd5 20. Ne4 Nc7 21. Rfd1 Nb6 22. Nd6 Nbd5 23. Nd2 Nf4 24. N2c4 Ncd5 25. Be4 Rb8 26. Bxd5 exd5 27. Nb6 Bd7 28. Qd2 Ne6 29. f4 Qh4 30. Rf1 g6 31. Rc3 Ng7 32. Nxd7 Rxd7 33. Rh3 Qg4 34. Rff3 Nh5 35. f5 g5 36. f6 Rbd8 37. Nf5 Kh7 38. Ng3 Nf4 39. Qc2+ Ng6 40. Nf5 h5 41. Rfg3 Qe4 42. Rxh5+ Kg8 43. Qxe4 dxe4 44. Rgxg5 e3 45. Ne7+ Kf8 46. Rh8+ 1-0

[Event "24th Klatovy B 2016"]
[Site "Klatovy CZE"]
[Date "2016.07.06"]
[Round "5.33"]
[White "Vavrinkova, Jitka"]
[Black "Tomascik, Petr"]
[Result "1-0"]
[WhiteElo "1625"]
[BlackElo "1484"]
[PlyCount "105"]
[EventDate "2016.07.02"]
[EventType "swiss"]
[EventRounds "9"]
[EventCountry "CZE"]

1. e4 d6 2. d4 g6 3. f4 Bg7 4. Nf3 e6 5. Nc3 Ne7 6. Be3 Nd7 7. Qd2 b6 8. Bd3 Bb7 9. O-O-O c6 10. Rhf1 Qc7 11. g4 d5 12. e5 a6 13. Na4 b5 14. Nc5 Nxc5 15. dxc5 a5 16. Kb1 a4 17. Qb4 Qa5 18. Qxa5 Rxa5 19. Bd2 Ra8 20. Bb4 Bc8 21. a3 Bd7 22. Nd4 f6 23. Rde1 Kd8 24. exf6 Bxf6 25. Nxe6+ Bxe6 26. Rxe6 Rf8 27. Rfe1 Rf7 28. f5 g5 29. Rd6+ Kc7 30. Ree6 Raf8 31. Ba5+ Kc8 32. b3 axb3 33. cxb3 Bd4 34. Bb4 Rd8 35. Rxd8+ Kxd8 36. a4 bxa4 37. bxa4 Kd7 38. Rd6+ Kc7 39. Ba5+ Kb8 40. Bb6 Be5 41. Rd8+ Kb7 42. Rd7+ Kc8 43. Ra7 Bf6 44. Ba6+ Kb8 45. Rd7 Rf8 46. Rd6 d4 47. a5 Be5 48. Rd7 Bf6 49. Bb7 Nc8 50. Bxc6 Nxb6 51. cxb6 Rd8 52. a6 Kc8 53. a7 1-0